Estadísticas para Prueba de Segovia

Haz click aquí para intentar la prueba.

Estadísticas generales

  • Esta prueba ha sido intentada 67 veces
  • La puntuación promedio es 10 de 16

Estadísticas de respuestas

HintRespuesta% Correcto
Capital de la provincia.Segovia
100%
Estructura de granito, construida por los romanos entre los siglos I y IIAcueducto
95%
Plato típico asado.Cochinillo
93%
Gentilicio.Segoviano
91%
CCAA a la que pertenece Segovia.Castilla y León
90%
Parque Nacional y Sierra del mismo nombre.Guadarrama
72%
Ciudad de la provincia con importante muralla.Cuellar
66%
Universidad a la que pertenece Segovia.Universidad de Valladolid
57%
Pueblo más famoso de la provincia.Pedraza
53%
Famoso ciclista nacido en Segovia, ganador del Tour de Francia en 1988.Pedro Delgado
53%
Equipo deportivo de color azul y grana.Gimnastica Segoviana
50%
Una de las 13 academias militares del ejercito de tierra se encuentra en Segovia.Academia de Artillería
34%
Emperador romano nacido en la provincia.Teodosio
33%
Afluente por la margen izquierda del Duero, famoso por su meandros.Duratón
31%
Pueblo de la provincia con importante equipo de balonmano a nivel nacional.Nava de la Asunción
28%
Castillo mozárabe situado en un pueblo de la provincia.Castillo de Coca
24%

Distribución de puntuación

Porcentaje por número respondido

Porcentaje de gente con cada puntuación

Historial de tus puntuaciones

No has intentado esta prueba.